Narayaniya (Record no. 8199)

MARC details
000 -LEADER
fixed length control field 00582nam a2200157Ia 4500
008 - FIXED-LENGTH DATA ELEMENTS--GENERAL INFORMATION
fixed length control field 210324s9999||||xx |||||||||||||| ||und||
040 ## - CATALOGING SOURCE
Transcribing agency STCPL
082 ## - DEWEY DECIMAL CLASSIFICATION NUMBER
Classification number 894.812
Item number NAR-S
100 ## - MAIN ENTRY--PERSONAL NAME
Personal name ശാസ്ത്രി കെ സാംബശിവ
245 #0 - TITLE STATEMENT
Title Narayaniya
Title in other language നാരായണീയം
260 ## - PUBLICATION, DISTRIBUTION, ETC.
Place of publication, distribution, etc. Travancore
Name of publisher, distributor, etc. The Superntendent Of Publications Uty.
Date of publication, distribution, etc. 1931
300 ## - PHYSICAL DESCRIPTION
Extent 720P, 20CM
650 ## - SUBJECT ADDED ENTRY--TOPICAL TERM
Topical term or geographic name entry element GeneralPIONEER OF REFORM AND PLANNING, PIONEER OF RAILWAYS, PIONEER OF ELECTRICAL SCIENCE, MAKER OF MODERN GERMANY, PIONEER OF MODERN SURGERY
942 ## - ADDED ENTRY ELEMENTS (KOHA)
Koha item type Books
041 ## - LANGUAGE CODE
Language code of original Malayalam
Holdings
Withdrawn status Lost status Damaged status Not for loan Home library Current library Shelving location Date acquired Total Checkouts Full call number Barcode Date last seen Price effective from Koha item type
        ST. THOMAS COLLEGE LIBRARY, PALAI ST. THOMAS COLLEGE LIBRARY, PALAI   2021-07-10   894.8120 -N 14015 2021-07-10 2021-07-10 Books
Rights reserved ©2021 ST. THOMAS COLLEGE LIBRARY
A joint venture of - St. Thomas College Library and
Department of Computer Science, St. Thomas Collge Palai